000 02039nam a2200253Ia 4500
003 OSt
005 20210520120615.0
008 210310s1973 eu fr 100 0 spa d
040 _aCO-JMCR
_cCO-JMCR
041 0 _aspa
082 0 4 _a336.205098 /
_bC748p
_223
111 2 _aConferencia Interamericana sobre Tributación
_n(3ra :
_d1972 :
_cMéxico)
_937706
245 1 3 _aLa política tributaria como instrumento del desarrollo :
_bdocumentos y conclusiones de la III Conferencia Interamericana sobre Tributación, México, D. F. 3-8 septiembre de 1972.
_cSecretaria General de la Organización de los Estados Americanos
260 _aWashington :
_bOEA,
_c1973
300 _av, 553 páginas ;
_c28 cm.
500 _aIncluye notas a pie de página.
505 0 _aConsideraciones preliminares de carácter conceptual y metodológico -- Algunos principios generales de la política tributaria --Las tareas de la política fiscal y tributaria a la luz de los problemas de desarrollo de América Latina -- La política tributaria en cuanto determinante del nivel y estructura de las importaciones -- La política tributaria en cuanto determinante del nivel y estructura del consumo -- La política tributaria en cuanto determinante de la productividad de la tierra -- La política tributaria en cuanto determinante de la combinación optima de los factores capital y trabajo -- La política tributaria en cuanto determinante de la distribución del ingreso -- La política tributaria en cuanto determinante del nivel y estructura de las inversiones -- Institucionalización del proceso de formulación e implementación de la política tributaria
650 1 4 _aPolítica fiscal
_915047
_vCongresos, conferencias, etc..
650 2 4 _aDesarrollo económico
_vCongresos, conferencias, etc.
_937707
650 2 4 _aPolítica tributaria
_vCongresos, conferencias, etc.
_937708
650 2 4 _aReforma tributaria
_vCongresos, conferencias, etc.
_zAmérica Latina
_936959
650 2 4 _aImpuestos
_vCongresos, conferencias, etc..
_937709
942 _2ddc
_cBK
999 _c7648
_d7648